[Event "IX EICC"]
[Site "Plovdiv BUL"]
[Date "2008.05.02"]
[Round "11"]
[White "Baklan,V"]
[Black "Tregubov,P"]
[Result "1/2-1/2"]
[WhiteElo "2647"]
[BlackElo "2629"]

1.e4 c5 2.Nf3 Nc6 3.Bb5 Nf6 4.Bxc6 dxc6 5.d3 Bg4 6.h3 Bxf3 7.Qxf3 e6 8.Nc3 Be7
9.Bf4 O-O 10.O-O Qd4  1/2-1/2

[Event "Father Ivan Cvitanovic Mem"]
[Site "Split CRO"]
[Date "2008.05.03"]
[Round "6"]
[White "Plenkovic,Z"]
[Black "Bilobrk,F"]
[Result "0-1"]
[WhiteElo "2370"]
[BlackElo "2370"]

1.e4 c5 2.Nf3 Nc6 3.Bb5 e6 4.O-O Nge7 5.Nc3 a6 6.Bxc6 Nxc6 7.d4 cxd4 8.Nxd4 d6
9.Re1 Be7 10.Nxc6 bxc6 11.Qg4 Kf8 12.b3 h5 13.Qf3 Bb7 14.Ba3 c5 15.Qe3 Qc7
16.Rad1 Rc8 17.Na4 Rh6 18.c4 Rg6 19.Nc3 Kg8 20.Bb2 Rf8 21.Rd3 Bf6 22.Qh3 Be5
23.Bc1 f5 24.Qxh5 Qf7 25.Rh3 Qf6 26.Qh7+ Kf7 27.Bd2 Ke7 28.Rf3 f4 29.Bxf4 Bxf4
30.Qh3 Rh6 31.Qg4 Rh4 32.e5  0-1

[Event "ch-UZB"]
[Site "Tashkent UZB"]
[Date "2008.05.03"]
[Round "10"]
[White "Kayumov,S"]
[Black "Kvon,A"]
[Result "1-0"]
[WhiteElo "2479"]
[BlackElo "2426"]

1.e4 c5 2.Nf3 Nc6 3.Bb5 d6 4.Bxc6+ bxc6 5.e5 dxe5 6.Nxe5 Qd5 7.Nf3 Bg4 8.d3 e6
9.Be3 Ne7 10.Nc3 Qh5 11.h3 Nf5 12.Rg1 Bxf3 13.Qxf3 Qxf3 14.gxf3 Nd4 15.Bxd4 cxd4
16.Ne4 Rb8 17.Rb1 Rb5 18.Ke2 f6 19.c3 f5 20.Nd2 Ra5 21.cxd4 Rxa2 22.Nc4 a5
23.Kd2 g6 24.Kc2 Ra4 25.Rge1 Kf7 26.Ne5+ Kf6 27.Nxc6 Rb4 28.Ra1 Rb5 29.Re5 Rb6
30.Nxa5 Ra6 31.Rb5 Bg7 32.Ra4 Rd8 33.Rc4 Kg5 34.Nc6 Rda8 35.Rb7 Bf6 36.Rxh7 Kf4
37.d5+ Kxf3 38.dxe6 Kxf2 39.Rf7 Bg5 40.d4 Ra1 41.d5 Re1 42.e7 Rh8 43.h4 Bxh4
44.Rf8  1-0

[Event "ch-NED U21"]
[Site "Venlo NED"]
[Date "2008.05.03"]
[Round "9"]
[White "Van Nies,P"]
[Black "Kuipers,S"]
[Result "0-1"]
[WhiteElo "2184"]
[BlackElo "2319"]

1.e4 c5 2.Nf3 Nc6 3.Bb5 g6 4.Nc3 Bg7 5.O-O Nd4 6.Ba4 a6 7.Nxd4 Bxd4 8.d3 Bg7
9.f4 e6 10.f5 b5 11.Bb3 Bb7 12.Qe2 Qe7 13.Be3 Bd4 14.Rae1 Nf6 15.Bxd4 cxd4
16.e5 dxc3 17.exf6 Qc5+ 18.Kh1 gxf5 19.bxc3 Rg8 20.Rf2 Qxc3 21.Qe3 Qxf6 22.d4 Rg4
23.d5 Qd4 24.Qxd4 Rxd4 25.Rxf5 a5 26.dxe6 fxe6 27.Rxb5 Bc6 28.Rg5 a4 29.c3 Rd3
30.Bc2 Rxc3 31.Bxh7 O-O-O 32.Kg1 Bd5 33.Bb1 Kc7 34.Rg4 Ra3 35.h4 Bxa2 36.h5 Bxb1
37.Rxb1 Ra8 38.h6 Rb3 39.Ra1 a3 40.h7 Rh8 41.Rh4 Kd6 42.Kh2 Ke5 43.g3 Kf6
44.Rf1+ Ke7 45.Ra1 Rb2+ 46.Kh3 a2 47.Kg4 Kf6 48.Kf3 Rb3+ 49.Kf2 Ra3 50.Kg2 d5
51.Rh6+ Kf7 52.g4 Ra6 53.Kf3 Kg7 54.Rh2 Rxh7 55.Rhxa2 Rxa2 56.Rxa2 Kf6 57.Re2 e5
58.Kg3 d4 59.Rf2+ Ke6 60.g5 e4 61.Kg4 e3 62.Rf4 Ke5 63.g6 Rg7 64.Rf5+ Ke4
65.Kg5 e2 66.Rf8 Re7 67.Kf6 Re5 68.g7 e1=Q 69.g8=Q Qh4+ 70.Kf7 Qe7+ 71.Kg6 Rg5+  0-1

[Event "3rd Cup"]
[Site "Berazategui ARG"]
[Date "2008.05.04"]
[Round "5"]
[White "Zarnicki,P"]
[Black "Guerrero,Alv"]
[Result "1-0"]
[WhiteElo "2515"]
[BlackElo "2216"]

1.e4 c5 2.Nf3 Nc6 3.Bb5 e6 4.O-O Nge7 5.Re1 Nd4 6.Bf1 Nec6 7.c3 Nxf3+ 8.Qxf3 d6
9.Na3 Be7 10.Nc2 Bf6 11.d3 O-O 12.Be3 Bd7 13.Qg3 Qe7 14.d4 cxd4 15.cxd4 Rac8
16.Rad1 Bh4 17.Qg4 e5 18.Qe2 f5 19.dxe5 dxe5 20.exf5 Bxf5 21.Na3 Kh8 22.Nb5 Rf6
23.Qh5 g5 24.g3 Rg8 25.Bg2 Qb4 26.Qe2 e4 27.Nd4 Ne5 28.Nxf5 Nf3+ 29.Bxf3 exf3
30.Qxf3 g4 31.Qd5  1-0

[Event "ch-UZB"]
[Site "Tashkent UZB"]
[Date "2008.05.04"]
[Round "11"]
[White "Khamrakulov,D"]
[Black "Gubaydulin,T"]
[Result "1/2-1/2"]
[WhiteElo "2548"]
[BlackElo "2213"]

1.e4 c5 2.Nf3 Nc6 3.Bb5 d6 4.O-O Bd7 5.Re1 Nf6 6.c3 a6 7.Bf1 Bg4 8.h3 Bxf3
9.Qxf3 g6 10.d3 Bg7 11.Be3 Nd7 12.Nd2 O-O 13.g3 b5 14.Rac1 Rb8 15.Qe2 b4
16.Nf3 a5 17.d4 a4 18.Red1 Qa5 19.d5 Na7 20.c4 Qd8 21.h4 Nc8 22.Bh3 Ncb6
23.h5 Re8 24.Kg2 Nf8 25.hxg6 hxg6 26.e5 dxe5 27.Bxc5 Nbd7 28.Bxd7 Nxd7 29.Be3 Rc8
30.c5 Qa5 31.c6 Nf6 32.Qc4 Red8 33.Bc5 Qc7 34.Ng5 e6 35.dxe6 Qxc6+ 36.f3 fxe6
37.Qxb4 Qa6 38.Qb6 Qxb6 39.Bxb6 Re8 40.Rxc8 Rxc8 41.Rd8+ Rxd8 42.Bxd8 Nd5  1/2-1/2

[Event "3rd Cup"]
[Site "Berazategui ARG"]
[Date "2008.05.06"]
[Round "7"]
[White "Malbran,G"]
[Black "Alonso,S"]
[Result "1-0"]
[WhiteElo "2240"]
[BlackElo "2420"]

1.e4 c5 2.Nf3 Nc6 3.Bb5 e6 4.O-O Nge7 5.c3 a6 6.Bxc6 bxc6 7.d4 cxd4 8.cxd4 Ng6
9.Nc3 Be7 10.Be3 O-O 11.Rc1 a5 12.Ne5 Ba6 13.Re1 Rb8 14.Qd2 Nxe5 15.dxe5 Qc7
16.f4 c5 17.Red1 Rfd8 18.Qf2 d6 19.exd6 Rxd6 20.Rxd6 Bxd6 21.e5 Bf8 22.Ne4 c4
23.Bc5 Qb7 24.Bxf8 Qxe4 25.Bd6 Rb5 26.Re1 Qf5 27.Qa7 h5 28.Qxa6 Rxb2 29.Qxc4 Qg4
30.Qe4 Rxa2 31.Rc1 g6 32.Be7 Kh7 33.h3 Qg3 34.Rf1 Qc3 35.Qf3 Qc7 36.Bd6 Qa7+
37.Kh2 a4 38.Rb1 Qd4 39.Rb4 Qd2 40.Rb7 Kg7 41.Be7 Kh6 42.Bg5+ Kh7 43.Rxf7+ Kg8
44.Ra7 Qd5 45.Qxd5  1-0

[Event "Panamericano w"]
[Site "San Salvador ESA"]
[Date "2008.05.07"]
[Round "2"]
[White "Melendez,G"]
[Black "Heredia Serrano,C"]
[Result "1/2-1/2"]
[WhiteElo "1912"]
[BlackElo "2016"]

1.e4 c5 2.Nf3 Nc6 3.Bb5 g6 4.Bxc6 dxc6 5.O-O Bg7 6.d3 e5 7.c3 f6 8.Be3 Qe7
9.Qc2 Nh6 10.d4 Ng4 11.Qd3 Nxe3 12.Qxe3 cxd4 13.cxd4 O-O 14.Nc3 Bg4 15.dxe5 fxe5
16.Nd2 Qh4 17.Qg3 Qh5 18.h3 Be6 19.Rfe1 Bh6 20.Nf1 Bf4 21.Qd3 Rad8 22.Qe2 Qh6
23.Rad1 Rde8 24.b3 Kh8 25.Rd3 g5 26.Red1 g4 27.hxg4 Qg5 28.f3 h5 29.gxh5 Qxh5
30.g4 Qg5 31.Ne3 Rf7 32.Kg2 Rh7 33.Rh1 Rxh1 34.Kxh1 Qh4+ 35.Kg1 Qg3+ 36.Ng2 Qh2+
37.Kf1 Bg3 38.Qe3 Bxg4 39.Qg1 Bh3 40.Qxh2 Bxh2 41.Kf2 Rg8 42.Ne3 Bf4 43.Rd1 Kg7
44.Rg1+ Kf7 45.Rxg8 Kxg8 46.Nc4 Kf8 47.Ne2 Ke7 48.Nxf4 exf4 49.Ne5 Kf6 50.Nd3 Kg5
51.Ne5 b6 52.Nd3 c5 53.a3 Be6 54.Nc1 b5 55.Nd3 c4 56.bxc4 bxc4 57.Nc1 Kf6
58.Ne2 Ke5 59.Ke1 Bh3 60.Kf2 Be6 61.Ke1  1/2-1/2

[Event "Panamericano w"]
[Site "San Salvador ESA"]
[Date "2008.05.08"]
[Round "3"]
[White "Arribas Robaina,M"]
[Black "Munoz,Ca"]
[Result "1-0"]
[WhiteElo "2348"]
[BlackElo "2034"]

1.e4 c5 2.Nf3 Nc6 3.Bb5 g6 4.O-O Bg7 5.Nc3 e5 6.d3 Nge7 7.a3 O-O 8.Be3 Nd4
9.Bc4 d6 10.h3 Be6 11.Bg5 f6 12.Bd2 d5 13.exd5 Nxd5 14.Nxd4 cxd4 15.Ne4 Qb6
16.c3 Nc7 17.cxd4 Qxd4 18.Be3 Qd8 19.Qb3 Bxc4 20.dxc4 Ne6 21.Qxb7 Rf7 22.Qc6 Nd4
23.Bxd4 exd4 24.Nd6 Rd7 25.Qd5+ Kf8 26.c5 f5 27.Rae1 Rb8 28.Re2 Re7 29.Rfe1 Rxe2
30.Qf7+  1-0

[Event "43rd Capablanca Memorial Open"]
[Site "Havana CUB"]
[Date "2008.05.09"]
[Round "2"]
[White "Jimenez,P"]
[Black "Martinez,Lel"]
[Result "1/2-1/2"]
[WhiteElo "2320"]
[BlackElo "2499"]

1.e4 c5 2.Nf3 Nc6 3.Bb5 e6 4.Bxc6 bxc6 5.b3 d6 6.Bb2 e5 7.d3 Ne7 8.Nbd2 Ng6
9.Nc4 Nf4 10.Ne3 Qf6 11.g3 Nh3 12.Qe2 h5 13.Ng1 Nxg1 14.Rxg1 Bg4 15.Nxg4 hxg4
16.Qxg4 Rxh2 17.Rf1 Be7 18.Ke2 g6 19.Rae1 Bd8 20.Bc1 Ba5 21.Bg5 Qh8 22.Rb1 Kf8
23.Qf3 Qh5 24.Bf6 Ke8 25.Rh1 Rxh1 26.Rxh1 Qxf3+ 27.Kxf3 Kd7 28.Bg5 Bb4 29.Ke2 Ke6
30.Rh7 Ba3 31.f4 exf4 32.gxf4 a5 33.Kf3 Bb2 34.Kg4 Bf6 35.Rh6 Ke7 36.a4 Rb8
37.Bh4 Bxh4 38.Rxh4 d5 39.Rh3 Kf6 40.Re3 Rh8 41.exd5 cxd5 42.Re5 Rh5 43.Re8 Rh2
44.c4 Rd2 45.Rc8 Rxd3 46.Rxc5 d4 47.Rxa5 Rxb3 48.Rd5 Rb4 49.Rd6+ Kg7 50.Rxd4 Rxa4
51.f5  1/2-1/2

[Event "Panamericano w"]
[Site "San Salvador ESA"]
[Date "2008.05.09"]
[Round "5"]
[White "Avelar,G"]
[Black "Munoz,Ca"]
[Result "1/2-1/2"]
[WhiteElo "1966"]
[BlackElo "2034"]

1.e4 c5 2.Nf3 Nc6 3.Bb5 g6 4.c3 Bg7 5.d3 Nf6 6.O-O O-O 7.h3 b6 8.Be3 Bb7
9.Nbd2 d5 10.e5 Nd7 11.d4 cxd4 12.cxd4 e6 13.Bg5 f6 14.exf6 Bxf6 15.Bxf6 Qxf6
16.Qa4 e5 17.Rac1 Rac8 18.dxe5 Ndxe5 19.Nxe5 Nxe5 20.Qd4 a6 21.Be2 Nd7 22.Qxf6 Nxf6
23.Bf3 Kf7 24.Nc4 Rxc4 25.Rxc4 dxc4 26.Bxb7 a5 27.Ba6 Ne4 28.Bxc4+ Kf6 29.Rd1 Rc8
30.b3 a4 31.Rd3 axb3 32.axb3 Rc6 33.Rd7 h5 34.Kh2 Nc5 35.Rf7+ Ke5 36.g4 hxg4
37.hxg4 Ne4 38.Re7+ Kd4 39.Rd7+ Ke5 40.Bd5 Rc2 41.Bxe4 Kxe4 42.Rf7 Rc3 43.b4 Rf3
44.Re7+ Kf4  1/2-1/2

[Event "Kaupthing Open"]
[Site "Differdange LUX"]
[Date "2008.05.10"]
[Round "1"]
[White "Socko,M"]
[Black "Jeitz,C"]
[Result "1-0"]
[WhiteElo "2505"]
[BlackElo "2234"]

1.e4 c5 2.Nf3 Nc6 3.Bb5 g6 4.Bxc6 dxc6 5.d3 Bg7 6.h3 e5 7.Be3 Qe7 8.Nc3 Nf6
9.Qd2 Nd7 10.Bh6 Bxh6 11.Qxh6 f6 12.Nh2 Nf8 13.O-O-O Ne6 14.g3 Bd7 15.f4 exf4
16.gxf4 Qg7 17.Qh4 g5 18.fxg5 Qxg5+ 19.Qxg5 fxg5 20.h4 Nf4 21.hxg5 Nh3 22.Rdf1 Nxg5
23.Rhg1 h6 24.Ng4 Bxg4 25.Rxg4 Ke7 26.Ne2 Ne6 27.Ng3 Rh7 28.Rf5 Rf8 29.Rg6 h5
30.Rxe6+ Kxe6 31.Rxf8 h4 32.Nf1 h3 33.Rf2 Rg7 34.Kd2  1-0

[Event "43rd Capablanca Memorial Open"]
[Site "Havana CUB"]
[Date "2008.05.10"]
[Round "3"]
[White "Borges Feria,Y"]
[Black "Vigoa Apecheche,Yan"]
[Result "1-0"]
[WhiteElo "2406"]
[BlackElo "2251"]

1.e4 c5 2.Nf3 Nc6 3.Bb5 g6 4.Bxc6 dxc6 5.d3 Bg7 6.h3 Nf6 7.Nc3 Nd7 8.Be3 e5
9.Qd2 Qe7 10.Bh6 f6 11.Bxg7 Qxg7 12.O-O Nf8 13.Ne2 g5 14.Nh2 h5 15.b4 Ng6
16.bxc5 g4 17.d4 Nh4 18.dxe5 fxe5 19.Rad1 O-O 20.hxg4 hxg4 21.Qe3 Be6 22.Rd6 Bc4
23.Rfd1 Bxe2 24.Qxe2 Nf3+ 25.Nxf3 gxf3 26.Qc4+ Rf7 27.g3 Qg5 28.Qe6 Kg7 29.Rd7 Rf8
30.a4 a5 31.c3 Qh5 32.R1d3 Kh7 33.Qf6 Qg6 34.Qxf3 Kg8 35.Rxf7 Rxf7 36.Rd8+ Kg7
37.Qh1 Qh7 38.Qxh7+ Kxh7 39.Kg2 Kg7 40.f3 Kf6 41.Kf2 Rh7 42.Kg2 Re7 43.Rd6+ Kg5
44.Kf2 Re8 45.Rd7 Rh8 46.Rxb7 Rh2+ 47.Ke3 Rc2 48.Kd3 Rg2 49.Rc7 Rf2 50.f4+ Kf6
51.Rxc6+ Ke7 52.f5 Rf3+ 53.Kc4 Rxg3 54.Re6+ Kd7 55.Rxe5 Rf3 56.Rd5+ Ke7 57.Rd3 Rf1
58.Kd5  1-0

[Event "Panamericano w"]
[Site "San Salvador ESA"]
[Date "2008.05.10"]
[Round "7"]
[White "Arribas Robaina,M"]
[Black "Zepeda,S"]
[Result "1-0"]
[WhiteElo "2348"]
[BlackElo "2048"]

1.e4 c5 2.Nf3 Nc6 3.Bb5 e6 4.O-O Nge7 5.Re1 Nd4 6.Nxd4 cxd4 7.c3 Nc6 8.d3 a6
9.Ba4 b5 10.Bb3 Bb7 11.Nd2 Bc5 12.Nf3 O-O 13.a3 d6 14.Bg5 Qd7 15.Qd2 Rac8
16.cxd4 Nxd4 17.Nxd4 Bxd4 18.Be3 Bxe3 19.Qxe3 d5 20.Qd4 Rfd8 21.e5 Rc7 22.h4 Rdc8
23.h5 h6 24.Kf1 Qe7 25.f3 Qg5 26.g4 Qh4 27.Qf2 Qg5 28.d4 Qf4 29.Kg2 a5 30.Re2 a4
31.Bc2 Rc4 32.Rd1 Ba6 33.Bd3 Rc1 34.Rxc1 Rxc1 35.Rd2 Rc6 36.Rd1 Kf8 37.Bf1 Ke7
38.Qd2 Qxd2+ 39.Rxd2 Rc1 40.Kf2 f6 41.f4 Rc8 42.Bd3 fxe5 43.fxe5 Kd7 44.Ke3 Rc1
45.Rf2 Ke7 46.Bg6 Re1+ 47.Kd2 Rg1 48.Rf7+ Kd8 49.Rxg7 Rxg4 50.Kc3 Bc8 51.Kb4 Rxd4+
52.Kc5  1-0

[Event "Kaupthing Open"]
[Site "Differdange LUX"]
[Date "2008.05.11"]
[Round "2"]
[White "Prizker,B"]
[Black "De Lagontrie,J"]
[Result "1-0"]
[WhiteElo "2214"]
[BlackElo "1987"]

1.e4 c5 2.Nf3 Nc6 3.Bb5 g6 4.O-O Bg7 5.c3 Nf6 6.e5 Nd5 7.d4 cxd4 8.cxd4 O-O
9.Qb3 Nc7 10.Nc3 Nxb5 11.Nxb5 Qb6 12.Qc4 a6 13.Nc3 d6 14.Nd5 Qd8 15.exd6 exd6
16.Bg5 Qa5 17.b4 Qb5 18.Ne7+ Kh8 19.Qxb5 axb5 20.Nxc6 bxc6 21.Be7 Re8 22.Bxd6 Be6
23.a3 Bd5 24.Be5 f6 25.Bf4 Kg8 26.Rfe1 Rxe1+ 27.Nxe1 Kf7 28.Nd3 Bf8 29.Bd2 Bd6
30.h3 Bc4 31.Nb2 Bd5 32.a4 bxa4 33.Rxa4 Rxa4 34.Nxa4 Bb3 35.Nb2 Ke6 36.f3 Kd5
37.Bc3 Bg3 38.Kf1 Bc4+ 39.Nxc4 Kxc4 40.Bb2 f5 41.Ke2 Bd6 42.Ke3 Bxb4 43.Kf4 Bc3
44.Bxc3 Kxc3 45.Ke5 Kd3 46.f4 h5 47.d5 cxd5 48.Kxd5 Ke3 49.Ke5 h4 50.Kf6 Kxf4
51.Kxg6  1-0

[Event "43rd Capablanca Memorial Open"]
[Site "Havana CUB"]
[Date "2008.05.11"]
[Round "4"]
[White "Perez Garcia,Rodn"]
[Black "Kiss,Pa1"]
[Result "1/2-1/2"]
[WhiteElo "2432"]
[BlackElo "2370"]

1.e4 c5 2.Nf3 Nc6 3.Bb5 e6 4.O-O Nge7 5.b3 a6 6.Bxc6 Nxc6 7.Bb2 b5 8.Na3 Bb7
9.c4 b4 10.Nc2 Qc7 11.Re1 e5 12.Ne3 d6 13.a3 bxa3 14.Nd5 Qd8 15.Bc3 Be7 16.d3 O-O
17.Rxa3 f5 18.exf5 Rxf5 19.Nd2 a5 20.Ne4 Nb4 21.Bxb4 cxb4 22.Ra2 Bxd5 23.cxd5 Qb6
24.Qc2 Rff8 25.Rea1 Rfc8 26.Qb1 Qb5 27.Nd2 Qxd5 28.Nc4 Bd8 29.Qd1 h6 30.h3 Bc7
31.Ne3 Qe6 32.Qg4 Qxg4 33.hxg4 Bb6 34.Nd5 Bd8 35.d4 Rab8 36.dxe5 Rc5 37.Ne3 dxe5
38.Nc4 Ra8 39.Ra4 Rac8 40.Nxa5 Rc1+ 41.Rxc1 Rxc1+ 42.Kh2 Bxa5 43.Rxa5 Rc3  1/2-1/2

[Event "III President's Cup"]
[Site "Baku AZE"]
[Date "2008.05.12"]
[Round "1"]
[White "Dzhumaev,M"]
[Black "Nikzaban,E"]
[Result "1-0"]
[WhiteElo "2557"]
[BlackElo "2069"]

1.e4 c5 2.Nf3 Nc6 3.Bb5 e6 4.O-O a6 5.Bxc6 bxc6 6.c3 d5 7.Qa4 Qc7 8.exd5 exd5
9.Re1+ Be7 10.d4 Kf8 11.dxc5 Bxc5 12.Bf4 Bd6 13.Bxd6+ Qxd6 14.Ne5 c5 15.Ng6+  1-0

[Event "43rd Capablanca Memorial Open"]
[Site "Havana CUB"]
[Date "2008.05.12"]
[Round "5"]
[White "Ordunez,E"]
[Black "Espinosa Garcia,S"]
[Result "1-0"]
[WhiteElo "2224"]
[BlackElo "2023"]

1.e4 c5 2.Nf3 Nc6 3.Bb5 g6 4.Bxc6 dxc6 5.h3 e5 6.d3 f6 7.a4 a5 8.Be3 Nh6
9.Nbd2 Nf7 10.Nc4 Be6 11.Nfd2 Qc7 12.O-O g5 13.c3 Be7 14.Qe2 h6 15.d4 g4
16.h4 cxd4 17.cxd4 exd4 18.Bxd4 c5 19.Bc3 Rg8 20.Ne3 Ne5 21.Rad1 O-O-O 22.Bxe5 fxe5
23.g3 Rd4 24.Nb1 Rgd8 25.Nc3 Bb3 26.Rc1 Bxa4 27.Nf5 Rd2 28.Qc4 Be8 29.Qe6+ Kb8
30.Nxe7 Rxb2 31.Ncd5 Qd6 32.Qxd6+ Rxd6 33.Rxc5 Bb5 34.Rfc1 Rd7 35.Nc8 a4
36.Ncb6 Rf7 37.Rxb5 Rxb5 38.Rc8+  1-0

[Event "43rd Capablanca Memorial Open"]
[Site "Havana CUB"]
[Date "2008.05.12"]
[Round "5"]
[White "Tapie Amione,P"]
[Black "Hernandez,Ra"]
[Result "0-1"]
[WhiteElo "2194"]
[BlackElo "2258"]

1.e4 c5 2.Nf3 Nc6 3.Bb5 g6 4.O-O Bg7 5.Re1 Nf6 6.e5 Nd5 7.Nc3 Nc7 8.Bxc6 dxc6
9.Ne4 Ne6 10.d3 O-O 11.Be3 b6 12.Qd2 Nd4 13.Nxd4 cxd4 14.Bh6 c5 15.h4 Qd5
16.Bxg7 Kxg7 17.Qg5 Qe6 18.h5 h6 19.Qh4 g5 20.Qh2 Bb7 21.f4 gxf4 22.Qxf4 Rg8
23.Rf1 Raf8 24.Rf2 Kh7 25.Re1 Rg4 26.Qf3 Rg7 27.Nf6+ exf6 28.Qxb7 f5 29.Qf3 Rg5
30.c4 Rfg8 31.Qh3 Rg4 32.Ree2 R8g5 33.Rf3 Kg7 34.Kf1 f4 35.Re4 Qf5 36.Qh2 Rxh5
37.Rexf4 Rxf4 38.Qxf4 Qxf4 39.Rxf4 Rh1+ 40.Ke2 Rb1 41.Rf2 Rxb2+ 42.Kf3 Rxf2+
43.Kxf2 f6 44.exf6+ Kxf6 45.Kf3 Kf5 46.a3 h5 47.Kg3 Kg5 48.Kh3 Kf4 49.Kh4 Ke3  0-1

[Event "Mayors Cup Open"]
[Site "Mumbai IND"]
[Date "2008.05.12"]
[Round "2"]
[White "Shetty,R"]
[Black "Hardik,Me"]
[Result "1/2-1/2"]
[WhiteElo "2313"]
[BlackElo "2017"]

1.e4 c5 2.Nf3 Nc6 3.Bb5 g6 4.Bxc6 dxc6 5.h3 Bg7 6.d3 Nf6 7.Nc3 O-O 8.Be3 b6
9.Qd2 c4 10.dxc4 Be6 11.Qxd8 Rfxd8 12.c5 Bc4 13.cxb6 axb6 14.Nd2 Be6 15.Nb3 c5
16.O-O Nd7 17.Nc1 Ne5 18.N1e2 Nc4 19.Bc1 b5 20.Nxb5 Nxb2 21.Nc7 Bc4 22.Bxb2 Bxb2
23.Nxa8 Bxe2 24.Rab1 Bc3 25.Nb6 Bxf1 26.Rxf1 Rd2 27.Nd5 Rxc2 28.Nxc3 Rxc3  1/2-1/2

[Event "Mayors Cup Open"]
[Site "Mumbai IND"]
[Date "2008.05.12"]
[Round "2"]
[White "Sumit,KumarJ"]
[Black "Ramnath,B"]
[Result "0-1"]
[WhiteElo "1879"]
[BlackElo "2204"]

1.e4 c5 2.Nf3 Nc6 3.Bb5 g6 4.O-O Bg7 5.Nc3 Nd4 6.Bc4 d6 7.h3 e6 8.d3 Ne7
9.Bg5 O-O 10.Nxd4 cxd4 11.Ne2 Qc7 12.f4 f5 13.Bb3 Nc6 14.a3 Na5 15.Kh1 Nxb3
16.cxb3 Bd7 17.Rc1 Qb6 18.g4 Rae8 19.Ng3 Kh8 20.Kh2 h6 21.Bh4 e5 22.exf5 exf4
23.Ne2 g5 24.Bf2 Bc6 25.Rc4 Bf3 26.Re1 d5 27.Rc2 h5 28.gxh5 Qh6 29.Qd2 Qxh5
30.h4 Rxe2 31.Rxe2 Qg4 32.Be1 Bxe2 33.Qxe2 f3 34.Qe6 gxh4 35.Qxd5 Rg8 36.Qe4 Qxe4
37.dxe4 Be5+ 38.Kh3 Bg3 39.Bf2 Be5 40.Bxh4 Rg1 41.Rd2 Kg7 42.Bf2 Rg2 43.Be1 Rxd2
44.Bxd2 d3 45.Be3 Kf6 46.b4 b5 47.b3 a6 48.Bd2 Kf7 49.Be1 f2  0-1

[Event "Mayors Cup Open"]
[Site "Mumbai IND"]
[Date "2008.05.12"]
[Round "2"]
[White "Shetye,Si"]
[Black "Preethi,R"]
[Result "0-1"]
[WhiteElo "1871"]
[BlackElo "2180"]

1.e4 c5 2.Nf3 Nc6 3.Bb5 g6 4.O-O Bg7 5.c3 Nf6 6.e5 Nd5 7.d4 cxd4 8.cxd4 O-O
9.Nc3 Nc7 10.Re1 d6 11.exd6 Qxd6 12.Bxc6 bxc6 13.Ne4 Qd8 14.Ne5 Re8 15.Nc5 Qd5
16.Qb3 Bxe5 17.Qxd5 Bxh2+ 18.Kxh2 Nxd5 19.Bd2 Rb8 20.b3 Bf5 21.Rac1 Nb4 22.Rc4 a5
23.Bxb4 Rxb4 24.Rxb4 axb4 25.Na6 Bd7 26.Nxb4 Kf8 27.Nd3 Be6 28.Nc5 Bd5 29.Rc1 Ra8
30.a4 Ke8 31.b4 Rb8 32.Na6 Rb7 33.Rc5 e6 34.b5 cxb5 35.Nc7+ Rxc7 36.Rxc7 bxa4
37.Ra7 Bc6 38.g4 h6 39.Kg3 Bd7 40.Kf4 f6 41.Ke3 Ke7 42.Ra6 h5 43.gxh5 gxh5
44.Kf4 Kd8 45.Ra7 Kc8 46.Kg3 Bc6 47.Kh4 Kb8 48.Ra5 Kb7 49.Kxh5 Kb6 50.Rc5 a3
51.Rc1 a2 52.Kg6 Be4+  0-1

[Event "Mayors Cup Open"]
[Site "Mumbai IND"]
[Date "2008.05.12"]
[Round "3"]
[White "Yashas,D"]
[Black "Mohannad,F"]
[Result "0-1"]
[WhiteElo "1996"]
[BlackElo "2285"]

1.e4 c5 2.Nf3 Nc6 3.Bb5 g6 4.Bxc6 bxc6 5.O-O Bg7 6.c3 Nh6 7.d4 cxd4 8.cxd4 f6
9.Nc3 Nf7 10.Re1 O-O 11.b3 Qa5 12.Bb2 Qh5 13.d5 c5 14.d6 e6 15.Ne2 Bb7 16.Ng3 Qh6
17.Rc1 Rfc8 18.Ba3 f5 19.Bxc5 f4 20.Nf1 g5 21.h3 Qg6 22.Qe2 h5 23.N1h2 g4
24.hxg4 hxg4 25.Nd2 g3 26.Nhf3 Qh5 27.b4 a5 28.fxg3 fxg3 29.Nf1 Qg4 30.a3 axb4
31.axb4 Bh6 32.Be3 Rxc1 33.Rxc1 Qxe4 34.N3d2 Bxe3+ 35.Nxe3 Qxb4 36.Ndc4 Qc5
37.Rf1 Qg5 38.Ng4 Qc5+ 39.Nce3 Ra3 40.Qb2 Rxe3 41.Nf6+ Kh8 42.Nxd7+ Qc3 43.Qxb7 Re1
44.Qb8+ Kh7 45.Qa7 Qc1 46.Nf8+ Kh6  0-1

[Event "Mayors Cup Open"]
[Site "Mumbai IND"]
[Date "2008.05.12"]
[Round "3"]
[White "Thakur,Ak"]
[Black "Bharat,P"]
[Result "1-0"]
[WhiteElo "2300"]
[BlackElo "1993"]

1.e4 c5 2.Nf3 Nc6 3.Bb5 Nd4 4.Bc4 e6 5.c3 Nxf3+ 6.Qxf3 Qf6 7.Qe2 a6 8.a4 b6
9.O-O Bb7 10.f4 h5 11.d3 Nh6 12.Nd2 Qe7 13.Qxh5 g6 14.Qe2 f5 15.Nf3 Nf7 16.Ba2 Bg7
17.Bd2 a5 18.e5 Bh6 19.h4 Rc8 20.g3 Kf8 21.Rab1 Kg7 22.b4 cxb4 23.cxb4 Bc6
24.b5 Ba8 25.Bc4 Qa3 26.Ra1 Qe7 27.Be3 Rb8 28.Qf2 Qd8 29.Rac1 Re8 30.Rfe1 Kg8
31.Bb3 Bf8 32.d4 Nh6 33.Ng5 Ba3 34.Rc3 Ng4 35.Qc2 Qe7 36.Rc1 Bb4  1-0

[Event "III President's Cup"]
[Site "Baku AZE"]
[Date "2008.05.13"]
[Round "2"]
[White "Mamedov,Nid"]
[Black "Aliyev,E"]
[Result "1-0"]
[WhiteElo "2577"]
[BlackElo "2247"]

1.e4 c5 2.Nf3 Nc6 3.Bb5 g6 4.O-O Bg7 5.Nc3 Nd4 6.Nxd4 cxd4 7.Ne2 a6 8.Ba4 b5
9.Bb3 Bb7 10.d3 d5 11.f3 e6 12.a4 Ne7 13.Bd2 O-O 14.Qe1 Qb6 15.Ba5 Qc6 16.Qb4 Qd7
17.axb5 dxe4 18.fxe4 Rfb8 19.b6 Nc6 20.Qa4 Qd8 21.Rf3 Nxa5 22.Qxa5 Bc6 23.Raf1 Be8
24.Nf4 Qxb6 25.Qg5 h6 26.Qg4 Ra7 27.h4 Kh7 28.h5 g5 29.Nh3 Qd8 30.Nf2 Kh8
31.Nd1 Qe7 32.Bc4 Be5 33.b3 Kg7 34.Nf2 Bb5 35.Qh3 Bxc4 36.dxc4 Rf8 37.Nd3 Qc7
38.b4  1-0

[Event "III President's Cup"]
[Site "Baku AZE"]
[Date "2008.05.13"]
[Round "2"]
[White "Askerov,M"]
[Black "Ashwin,J"]
[Result "1-0"]
[WhiteElo "2154"]
[BlackElo "2446"]

1.e4 c5 2.Nf3 Nc6 3.Bb5 Na5 4.O-O a6 5.Be2 e6 6.d4 cxd4 7.Nxd4 Qc7 8.a4 Nf6
9.Nc3 Bb4 10.Qd3 b6 11.Na2 Be7 12.b4 Nb7 13.f4 d5 14.e5 Ne4 15.Bf3 Bd7 16.c4 O-O
17.Bb2 a5 18.cxd5 exd5 19.Rac1 Qd8 20.Bxe4 dxe4 21.Qxe4 axb4 22.Qxb7 Rxa4
23.Qd5 b3 24.Qxb3 Qa8 25.e6 fxe6 26.Nxe6 Rxa2 27.Nc7+  1-0

[Event "Kaupthing Open"]
[Site "Differdange LUX"]
[Date "2008.05.13"]
[Round "5"]
[White "Socko,M"]
[Black "Faibisovich,V"]
[Result "1/2-1/2"]
[WhiteElo "2505"]
[BlackElo "2421"]

1.e4 c5 2.Nf3 Nc6 3.Bb5 g6 4.Bxc6 dxc6 5.d3 Bg7 6.h3 e5 7.Be3 Qe7 8.Nc3 Nf6
9.Qd2 Bd7 10.Bh6 O-O 11.Bxg7 Kxg7 12.O-O-O Rad8 13.Qe3 b6 14.g4 Ne8 15.Rdg1 h6
16.Ne2 Kh7 17.Nd2 Ng7 18.Qg3 f6 19.h4 Be8 20.g5 Nh5 21.Qe3 Nf4 22.gxh6 Nxe2+
23.Qxe2 Kxh6 24.Nf1 Kh7 25.Ne3 Bf7 26.Rg3 Be6 27.a3 Rh8 28.Qf3 Kg7 29.h5 g5
30.h6+ Kh7 31.b3 Kg6  1/2-1/2

[Event "43rd Capablanca Memorial Open"]
[Site "Havana CUB"]
[Date "2008.05.13"]
[Round "6"]
[White "Blanco,H"]
[Black "Capo Vidal,U"]
[Result "1-0"]
[WhiteElo "2422"]
[BlackElo "2342"]

1.e4 c5 2.Nf3 Nc6 3.Bb5 g6 4.Bxc6 dxc6 5.h3 Bg7 6.d3 e5 7.Be3 Qe7 8.Nbd2 Nf6
9.Nc4 Nd7 10.Qd2 f6 11.a3 b6 12.b4 Ba6 13.Qc3 O-O 14.Nfd2 Rfd8 15.O-O Bf8
16.Rab1 g5 17.f3 Bc8 18.Bf2 Re8 19.Ne3 Nb8 20.Nf5 Bxf5 21.exf5 cxb4 22.axb4 Nd7
23.Qxc6 Rac8 24.Qa4 Rc7 25.Ne4 Rd8 26.Rfd1 Rdc8 27.c3 Bg7 28.d4 Nf8 29.dxe5 Qxe5
30.Bg3 Qxf5 31.Nd6 Qg6 32.Nxc8 Rxc8 33.Qxa7 Rxc3 34.Qxb6 h5 35.Qd4 Qc2 36.Qd2 f5
37.Qxc2 Rxc2 38.b5 Ne6 39.b6  1-0

[Event "43rd Capablanca Memorial Open"]
[Site "Havana CUB"]
[Date "2008.05.13"]
[Round "6"]
[White "Perez Garcia,Rodn"]
[Black "Iturrizaga,E"]
[Result "1-0"]
[WhiteElo "2432"]
[BlackElo "2534"]

1.e4 c5 2.Nf3 Nc6 3.Bb5 e6 4.O-O Nge7 5.b3 a6 6.Bxc6 Nxc6 7.Bb2 b5 8.Na3 d6
9.d4 cxd4 10.Nxd4 Bb7 11.c4 b4 12.Nac2 Qb6 13.Re1 Ne5 14.Qd2 a5 15.a3 bxa3
16.Rxa3 a4 17.Qc3 Be7 18.Rxa4 Rxa4 19.bxa4 O-O 20.Nb5 Qc5 21.Ne3 Bf6 22.Qc2 Qc6
23.Ba3 Be7 24.f3 Qb6 25.Qb3 Rc8 26.Kh1 Nc6 27.Rb1 Qd8 28.Rd1 Qb6 29.Bxd6 Bxd6
30.Rxd6 Qc5 31.h3 h5 32.Qa3 Qg5 33.Rd1 Ba8 34.a5 Ne5 35.Nd6 Rb8 36.Nf1 Ng6
37.Nb5 Bc6 38.Qd6 Rc8 39.Na7 Nf4 40.Rd2  1-0

[Event "FSGM May"]
[Site "Budapest HUN"]
[Date "2008.05.14"]
[Round "12"]
[White "Varga,Zo"]
[Black "Wittmann,W"]
[Result "1-0"]
[WhiteElo "2496"]
[BlackElo "2279"]

1.e4 c5 2.Nf3 Nc6 3.Bb5 d6 4.d4 cxd4 5.Qxd4 Bd7 6.Bxc6 bxc6 7.O-O e5 8.Qd3 Qc7
9.c4 Be7 10.Nc3 Rb8 11.h3 h6 12.c5 dxc5 13.Qc2 Nf6 14.Be3 Be6 15.Na4 c4 16.Nd2 g5
17.Nxc4 g4 18.h4 Nh7 19.g3 Bxh4 20.gxh4 Qe7 21.Nxe5 Qxh4 22.Qxc6+ Kf8 23.Qd6+ Kg7
24.Qd4  1-0

[Event "43rd Capablanca Memorial Open"]
[Site "Havana CUB"]
[Date "2008.05.14"]
[Round "7"]
[White "Borges Feria,Y"]
[Black "Hernandez,Ra"]
[Result "1-0"]
[WhiteElo "2406"]
[BlackElo "2258"]

1.e4 c5 2.Nf3 Nc6 3.Bb5 g6 4.Bxc6 dxc6 5.h3 Bg7 6.d3 Nf6 7.Nc3 O-O 8.Be3 Nd7
9.Qd2 Re8 10.O-O e5 11.a3 Qe7 12.Nh2 Nf8 13.Na4 Ne6 14.b4 b6 15.bxc5 b5 16.Nb2 Nd4
17.Bxd4 exd4 18.f4 Qxc5 19.Nd1 f5 20.e5 g5 21.fxg5 Qxe5 22.Nf3 Qg3 23.Nf2 Re3
24.Nh1 Qf4 25.Qf2 Bd7 26.Ng3 Rae8 27.Nh5 Qd6 28.Qh4 Qg6 29.Nf4 Qd6 30.Nh5 Qg6
31.a4 b4 32.Nd2 Re2 33.Nf4 Qf7 34.Nxe2 Rxe2 35.Rf2 Rxf2 36.Qxf2 c5 37.Qe2 Bc6
38.a5 Qd5 39.Nc4 Bf8 40.Re1 Ba4 41.Qf2 Bg7 42.Re7 Bb5 43.Qe2 a6 44.Nb6 Qd6
45.Nc8 Qg6 46.h4 f4 47.Re6 f3 48.Ne7+ Kf7 49.Qxf3+ Kxe6 50.Nxg6 hxg6 51.Qe4+  1-0